| 000 | 00979nam a22001577a 4500 | ||
|---|---|---|---|
| 999 |
_c60212 _d60212 |
||
| 003 | Ge_BSU | ||
| 005 | 20230619153616.0 | ||
| 008 | 230619s1986 ge ||||| |||| 00| 0 geo d | ||
| 041 | _ageo | ||
| 080 | _a930(479.22) ი-88 | ||
| 245 |
_aისტორიული მეცნიერების განვითარება საბჭოთა საქართველოში : _b ეძღვნება საქართველოში საბჭოთა ხელისუფლების დამყარების 65-ე წლისთავს / _c საქ. სსრ მეცნ. აკადემია. საქ. საისტორიო საზ-ბა. |
||
| 264 |
_aთბილისი : _b მეცნიერება, _c1986. |
||
| 300 |
_a219გვ. ; _b20სმ. |
||
| 710 |
_aსაქ. სსრ მეცნ. აკადემია. საქ. საისტორიო საზ-ბა. _918806 |
||
| 942 |
_2udc _cBK |
||